| 000 | 00383nam a2200145Ia 4500 | ||
|---|---|---|---|
| 008 | 231129s1996||||xx |||||||||||||| ||spa|| | ||
| 020 | _a970-10-0875-8 | ||
| 040 | _bspa | ||
| 082 | _a338.4791 B171s | ||
| 100 | _aBalam Yumka | ||
| 245 | 0 | _aSociologia del turismo | |
| 260 | _c1996 | ||
| 264 | _aMcGraw-Hill/Interamericana | ||
| 942 |
_2ddc _cBKS |
||
| 999 |
_c24770 _d24770 |
||